000 01002nas a2200313 4500
001 BR2019001820
003 BR-BrBNA
005 20231205131959.0
007 ta
008 230509b bl.|||p| |||| 00| 00por d
040 _aBR-BrBNA
_bpor
_cBiblioteca Nacional de Agricultura
041 _a(En)
072 _aL73; L70
100 1 _aBica, R.F.P.
100 1 _aCopetti, M.V.
100 1 _aBrum, M.C.S.
245 1 _aHydatidosis, cysticercosis, and tuberculosis rates in bovine slaughtered under state sanitary inspection in Rio Grande do Sul, Brazil
650 _aBOVINO
650 _aCARCAÇA
650 _aZOONOSE
650 _aHIDATIDOSE
650 _aCISTICERCOSE
650 _aINSPEÇÃO SANITÁRIA
650 _aRIO GRANDE DO SUL
773 0 _tCiência Rural (Brazil)
_xISSN 1678-4596
_g(2018), v. 48(8) p. 1-5
_wBR2019001820
856 4 0 _uhttp://www.scielo.br/pdf/cr/v48n8/1678-4596-cr-48-08-e20170811.pdf
909 _a202311
_bLúcia
_c55
_dLúcia Elande
942 _2AGRIS
_n0
_cANA
999 _c257802
_d257802